Inferno e Legge del Contrappasso - Quiz n°2 - Statistics

Statistiche generali
  • Questo quiz è stato fatto 87 volte
  • Il punteggio medio è 5 su 8
Statistiche sulle risposte
Hint Risposta % Corretto
Nessuna pena, eccetto il desiderio inappagabile di vedere Dio. Non battezzati
96%
Camminano con la testa storta all'indietro. Maghi e indovini
70%
Immersi nelle acque ghiacciate del fiume Cocito, col viso rivolto in su. Traditori della patria
61%
Sono deturpati da varie malattie: lebbra e scabbia per gli alchimisti (******* di metalli), rabbia idrofoba per gli impostori (******* di persone), idropisia per i contraffattori (******* di monete) e febbre per i bugiardi (******* di parole). Falsari
59%
Sono immersi nel fiume di sangue bollente Flegetonte, più o meno in profondità a seconda della gravità della loro colpa, colpiti dalle frecce dei Centauri se tentano di uscire dal sangue più di quanto sia stabilito. Violenti contro il prossimo
50%
Spingono degli enormi massi, divisi in due schiere, ognuna delle quali percorre una metà del cerchio. Quando le due schiere si incontrano, i dannati si azzuffano e si insultano, rinfacciandosi gli uni il peccato degli altri. Avari e prodighi
48%
Sono tormentati dai serpenti, che li mordono e legano le loro mani, si trasformano essi stessi in serpenti, si fondono con essi o si inceneriscono al morso delle serpi, per poi ricomporsi magicamente. Ladri
48%
Corrono in cerchio frustati dai diavoli. Ruffiani e seduttori
43%
Nessun quiz corrispondente trovato
Distribuzione punteggi
Percentuale di utenti per punteggio
Percentile per numero di risposta
I tuoi punteggi nel tempo
Non hai fatto questo quiz